01184nam a2200301 i 4500001001000000003000900010005001700019007000300036008004100039020001500080040003000095082003000125245020100155264005400356300005700410336002700467337003400494338002700528500003800555504002900593650001600622651008000638700002400718700002600742700003100768700002700799710005600826000026273DO-SdBNP20251120073733.0ta110308s1996 dr ad 000 0 spa d a8489548056 aDO-SdBNPbspacBNPHUerda 4a320.97293bC968p,199622200aCultura política y democracia en República Dominicana :binforme final de la encuesta cultural política y democracia (DEMOS 94) /cIsis Duarte, Ramonina Brea, Ramó Tejada H. y Clara Báez aSantiago, República Dominicana :bPUCMM,c1996. a220 páginas :bilustraciones ; diagramas ;c28 cm. 2rdacontentatextobtxt 2rdamediaasin mediaciónbnc 2rdacarrieravolumenbn aIncluye notas al pie de páginas aBibliografías : p. 220 0aDemocracia  4aRepública Dominicana xPolítica y gobierno y1961xOpinión pública 1 aDuarte, Isiseautor1 aBrea, Ramoninaeautor1 aTejada H., Ramón,eautor1 aBáez, Clara,eautora2 aPontificia Universidad Católica Madre y Maestra